Statistics for WWE Intercontinental & European Champions

Click here to take the quiz!

General Stats

  • This quiz has been taken 188 times
  • The average score is 12 of 16

Answer Stats

First European Title WinEventFirst IC Title WinEventChampion% Correct
December 22, 1997RawOctober 21, 1996RawTriple H
91%
September 20, 1997One Night OnlyNovember 14, 1992Saturday Night's Main EventShawn Michaels
90%
February 10, 2000SmackdownFebruary 27, 2000No Way OutKurt Angle
85%
April 2, 2000WrestleMania 16December 12, 1999ArmageddonChris Jericho
82%
March 3, 1997RawAugust 29, 1992SummerSlamThe British Bulldog
80%
April 3, 2000RawSeptember 4, 2000RawEddie Guerrero
78%
`January 22, 1998RawApril 28, 1997RawOwen Hart
77%
November 1, 2001SmackdownSeptember 23, 2001UnforgivenChristian
76%
July 20, 1998RawAugust 2, 1999RawD'Lo Brown
74%
July 22, 2002RawMarch 17, 2002WrestleMania X8Rob Van Dam
73%
July 8, 2002RawApril 12, 2001SmackdownJeff Hardy
72%
October 16, 2000RawJanuary 20, 2002Royal RumbleWilliam Regal
68%
August 22, 1999SummerSlamJanuary 22, 1995Royal RumbleJeff Jarrett
66%
January 22, 2001RawNovember 5, 2001RawTest
62%
October 22, 2001RawMarch 9, 2009RawJohn Bradshaw Layfield
59%
December 12, 1999ArmageddonFebruary 14, 1999St. Valentine's Day MassacreVal Venis
56%

Score Distribution

Percentile by Number Answered

Percent of People with Each Score

Your Score History

You have not taken this quiz